Online
Catalog

El temor del cielo / (Record no. 22183)

MARC details
000 -CABECERA
campo de control de longitud fija 00806nam a2200265 a 4500
001 - NÚMERO DE CONTROL
campo de control 000022686
005 - FECHA Y HORA DE LA ÚLTIMA TRANSACCIÓN
campo de control 20200930021734.0
008 - DATOS DE LONGITUD FIJA--INFORMACIÓN GENERAL
campo de control de longitud fija 101115s1998 sp r 000 j spa d
020 ## - NÚMERO INTERNACIONAL ESTÁNDAR DEL LIBRO
Número Internacional Estándar del Libro 8483100487
040 ## - FUENTE DE LA CATALOGACIÓN
Centro catalogador/agencia de origen DO-SdBNP
Lengua de catalogación spa
Centro/agencia transcriptor BNPHU
082 ## - NÚMERO DE LA CLASIFICACIÓN DECIMAL DEWEY
Número de clasificación 833. 914
Número de documento/Ítem J22t
049 ## - FONDOS LOCALES (OCLC)
Fondos de biblioteca BNGR
100 1# - ENTRADA PRINCIPAL--NOMBRE DE PERSONA
Nombre de persona Jaeggy, Fleur
Fechas asociadas al nombre 1940-
9 (RLIN) 46640
240 13 - TÍTULO UNIFORME
Título uniforme La paura del cielo.
Lenguaje de la obra Español
245 13 - MENCIÓN DE TÍTULO
Título El temor del cielo /
Mención de responsabilidad, etc. Fleur Jaeggy; traducción de Flavia Company.
250 ## - MENCIÓN DE EDICIÓN
Mención de edición Barcelona, (España):
Resto de la mención de edición Tusquets Editores,
260 ## - PUBLICACIÓN, DISTRIBUCIÓN, ETC.
Lugar de publicación, distribución, etc. 1994.
300 ## - DESCRIPCIÓN FÍSICA
Extensión 136 p. ;
Dimensiones 21 cm.
490 1# - MENCIÓN DE SERIE
Mención de serie Andanzas
Designación de volumen o secuencia 323
534 ## - NOTA SOBRE LA VERSIÓN ORIGINAL
Encabezamiento principal del original Título original :
Mención de título del original La paura del cielo
650 #4 - PUNTO DE ACCESO ADICIONAL DE MATERIA--TÉRMINO DE MATERIA
Término de materia o nombre geográfico como elemento de entrada Cuentos suizos
9 (RLIN) 46641
650 #4 - PUNTO DE ACCESO ADICIONAL DE MATERIA--TÉRMINO DE MATERIA
Término de materia o nombre geográfico como elemento de entrada Literatura suiza
9 (RLIN) 46642
700 1# - PUNTO DE ACCESO ADICIONAL--NOMBRE DE PERSONA
Nombre de persona Company, Flavia
Término indicativo de función/relación tr.
9 (RLIN) 46643
830 #0 - PUNTO DE ACCESO ADICIONAL DE SERIE-TÍTULO UNIFORME
Título uniforme Andanzas;
Designación de volumen o secuencia 323
9 (RLIN) 18113
Holdings
Estado de retiro Estado de pérdida Restricciones de uso No para préstamo Código de colección Localización permanente Ubicación/localización actual Ubicación en estantería Fecha de adquisición Número de inventario Total de préstamos Signatura topográfica completa Código de barras Fecha visto por última vez Precio válido a partir de Tipo de ítem Koha
        Monografías: Libros y Folletos General General En catalogación 15.11.2010 LF1   833. 914 J22t 22686-10 25.06.2020 25.06.2020 Préstamo en sala

Powered by Koha